| 000 | 00365nam a2200133Ia 4500 | ||
|---|---|---|---|
| 008 | 220204s9999 xx 000 0 und d | ||
| 020 | _a9788187439226 | ||
| 082 | _bSOM;1 | ||
| 100 | _aSoman, T A | ||
| 245 | 0 | _aRubberinoru naveena nadeel reethy (Malayalam) | |
| 260 |
_aKottayam _bRubber Research Institute of India |
||
| 650 | _aRoot trainer method | ||
| 942 | _cBK | ||
| 999 |
_c44443 _d44443 |
||